| 000 | 00710cad a22002415a 4500 | ||
|---|---|---|---|
| 001 | L159761 | ||
| 008 | 150226s2016 xxk f 000 0 eng d | ||
| 035 | _a(Sirsi) u159761 | ||
| 041 | 0 | _aeng | |
| 100 | 1 | _aBlackman, David | |
| 245 | 0 | 0 | _aBuy now pay later |
| 260 | _c2016 | ||
| 490 |
_aModus _vJune 2016, 26-29 (4) |
||
| 520 | _aOffers a solution to how to pay for the transport infrastructure withou relying on public investments by selling development rights around the planned transport links. | ||
| 590 | _aKA | ||
| 650 | 2 | 4 | _aTRANSPORT |
| 650 | 2 | 4 | _aDEVELOPMENT RIGHTS |
| 650 | 2 | 4 | _aFUNDING |
| 651 | 4 | _aChina | |
| 690 |
_aInvestments _96250 |
||
| 690 |
_aInfrastructure _96246 |
||
| 942 | _n0 | ||
| 999 |
_c84966 _d84966 |
||